000 00936nam a2200277Ia 4500
003 OSt
005 20221005104811.0
006 a|||||r|||| 00| 0
007 ta
008 221004b |||||||| |||| 00| 0 hin d
020 _a9789381611999 (hbk)
_cIndian Rupees 175
024 _a44200
037 _bGift, 07/06/2019,
_cTextual
040 _aCRL
_cCRL
_bhin
041 _2hin
_ahin
082 _aO152,6x, Q4
100 _aमुद्गल, चित्रा, ले.
245 0 _aभीतर का आयतन
246 _aBhītar kā āyatana
260 _aदिल्ली
_bशिल्पायन भारत
_c2014
300 _a104पृ0
_ccm.
650 _a हिन्दी साहित्य
650 _aहिन्दी निबंध
942 _hO152,6x, Q4
_cTEXL
_2cc
999 _c1013832
_d1013832